|
|
|
|
| LEADER |
00000nam0a2200000 4500 |
| 001 |
330003 |
| 005 |
20231101025421.0 |
| 035 |
|
|
|a (RuTPU)RU\TPU\book\355776
|
| 090 |
|
|
|a 330003
|
| 100 |
|
|
|a 20170325d1961 km y0rusy50 ca
|
| 101 |
0 |
|
|a rus
|
| 102 |
|
|
|a RU
|
| 105 |
|
|
|a a z 001zy
|
| 200 |
1 |
|
|a Особенности устойчивости и управляемости скоростного самолета
|f И. М. Пашковский
|
| 210 |
|
|
|a Москва
|c Воениздат
|d 1961
|
| 215 |
|
|
|a 350 с.
|c ил.
|
| 320 |
|
|
|a Библиогр.: с. 343-346
|
| 606 |
|
|
|a Самолеты
|x Управляемость
|2 stltpush
|3 (RuTPU)RU\TPU\subj\53633
|
| 610 |
1 |
|
|a аэродинамика больших скоростей
|
| 610 |
1 |
|
|a устойчивость
|
| 610 |
1 |
|
|a характеристики
|
| 610 |
1 |
|
|a поток
|
| 610 |
1 |
|
|a скос
|
| 610 |
1 |
|
|a компоновка
|
| 610 |
1 |
|
|a требования
|
| 610 |
1 |
|
|a большие высоты
|
| 675 |
|
|
|a 629.73.015
|v 4
|
| 700 |
|
1 |
|a Пашковский
|b И. М.
|
| 801 |
|
1 |
|a RU
|b 63413507
|c 20170325
|
| 801 |
|
2 |
|a RU
|b 63413507
|c 20171206
|g RCR
|
| 942 |
|
|
|c BK
|